000 01276nmc a2200409 a 4500
003 AR-BaBNM
005 20251128204825.0
008 066019s1987 ||||||||||||||000 | spa||
020 _a950-23-0351-2
040 _cAR-BaBNM
245 1 0 _aOrganización y descentralización municipal
250 _a1ª ed.
260 _aBuenos Aires
_bEudeba
_c1987
300 0 _a210 p.
490 0 _aUrbanismo y administración local
_vv. 1
500 1 _aEste volumen registra los resultados del Seminario sobre Organización y Descentralización Municipal, llevado a cabo en Buenos Aires en 1985, como parte del Programa de Cooperación en Administración Local y Urbanismo entre España y Argentina
650 4 _aPOLITICA
650 4 _aPLANIFICACION
650 4 _aOPERACIONES ADMINISTRATIVAS
650 4 _aRECURSOS
650 4 _aGOBIERNO MUNICIPAL
650 4 _aDEMOCRACIA
650 4 _aADMINISTRACION PUBLICA
650 4 _aBUROCRACIA
650 4 _aESTADO
650 4 _aORGANIZACIONES NACIONALES
650 4 _aPARTICIPACION SOCIAL
651 4 _aEspaña
651 4 _aArgentina
700 1 _aBorja, Jordi
700 1 _aPerdigó, J.
700 1 _aPalomar Llovet, M.
700 1 _aBotella, M.
700 1 _aCastells, M.
942 _cBK
998 _cGLORIA
999 _c8961
_d8961